000 00677nam a2200205 u 4500
005 20210223131331.0
008 100630s2008 r 000 0 eng d
020 _a9788426102645
035 _aUPN01000177099
049 _aCG
050 4 _aD770
_bS5.4
100 1 _aSierra, Luis de la,
_d1920-
245 1 3 _aLa guerra naval en el Mediterráneo (1940-1943) /
_cLuis de la Sierra.
260 _aBarcelona, Esp. :
_bJuventud,
_c2008.
300 _a471 p. :
_bil.
440 0 _aViajes y expediciones
650 4 _aGUERRA MUNDIAL II, 1939-1945 -
_xOPERACIONES NAVALES
_912011
650 4 _aGUERRA MUNDIAL II, 1939-1945 -
_xCAMPAÑAS -
_zMAR MEDITERRANEO
_917341
905 _aLibro
999 _c149202
_d149202